| 000 | 02085nam0a22003371 4500 | ||
|---|---|---|---|
| 001 | v19\rc\1702284 | ||
| 005 | 20260406143417.0 | ||
| 035 | _a(NLR Aleph) 005245363 | ||
| 090 |
_a5748030 _c5748030 |
||
| 100 | _a20061002d1898 |||y0rusy50 ca | ||
| 101 | 0 | _arus | |
| 102 | _aRU | ||
| 105 | _aa z ||||| | ||
| 200 | 1 |
_aВоспоминания офицера Л.-гв. Преображенского полка о походе в Турцию в 1877-1878 г. _fсост. Александр Александрович Берс (в отставке полк. Л.-гв. Преображен. полка) |
|
| 210 |
_aС.-Петербург _cтипография товарищества "Общественная польза" _d1898 |
||
| 215 |
_a[4], 199 с., [1] л. цв. ил., раскраш. от руки акварелью _d24 |
||
| 300 | _aНа ил. подпись худож.: П. Типов | ||
| 316 |
_aЭкз. РНБ на шифре РЗФ XXVII-1680 с экслибрисом Библиотеки Николая II: монограмма "Н.А." _aНа 3-й с. обл. золотое тиснение переплетчика: "М. Ломковский" _5NLR: РЗФ XXVII-1680 |
||
| 532 | 1 | 2 | _aВоспоминания офицера Лейб-гвардии Преображенского полка о походе в Турцию в 1877-1878 г. |
| 700 | 1 |
_4220 _7ca _8rus _aБерс _bА. А. _f1844-1921 _gАлександр Александрович _968660 _3RU\NLR\AUTH\7785732 |
|
| 702 | 0 |
_4390 _7ca _8rus _aНиколай _cимператор российский _dII _f1868-1918 _9113742 _3RU\NLR\AUTH\773750 |
|
| 702 | 1 |
_4040 _7ca _8rus _aТипов _bП. _cхудожник _f19 в. _968667 _3RU\NLR\AUTH\7785739 |
|
| 702 | 1 |
_4110 _7ca _8rus _aЛомковский _bМ. Д. _968671 _3RU\NLR\AUTH\7785743 |
|
| 801 | 2 |
_aRU _bNLR _c20100302 _2rusmarc |
|
| 801 | 0 |
_aRU _bNLR _c20061002 _gpsbo |
|
| 801 | 0 |
_aRU _bRuMoRGB _c20061002 _2psbo |
|
| 801 | 1 |
_aRU _bProSoft-M _c20061002 _2rusmarc |
|
| 852 |
_aNLR _j20.107.2.31 |
||
| 852 |
_aNLR _bРЗФ _jXVII-1680 |
||
| 942 | _cBOOK | ||
| 980 | _aNB | ||